00453nam a2200133Ia 4500008004100000024003600041082002000077100003700097245007700134260002600211600003200237650003300269999001700302260210s9999 xx 000 0 und d a95A-034-CS & 95A-039-CS a005.7585072 ASH aSadia Ashfaq & Waseem Akhter 0aDepartment Control System (DCS) of Pakistan International Airline ( PIA) aKarachi:bUITU,c1995 aComputer System Engineering aBachelor of Engineering (BE) c32633d32633